Responses for Show #3018 - Wednesday, October 15, 1997

Peter Scott game 3.

Contestants

[<< previous game]

Trish Thompson, an attorney from Atlanta, Georgia

Ted Kreps, a lawyer and teacher from Los Angeles, California

Peter Scott, an advertising manager from Washington, D.C. (whose 2-day cash winnings total $16,301)

[next game >>]

Jeopardy! Round responses

PRESIDENTIAL BIRTHPLACES
THE "BLUES"
WHEN THEY WERE IN COLLEGE
CARROTS
100 ____ MAKE A....
NOTED PUSSYCATS
    $100 14
Bill Clinton

Trish
    $100 11
[Alex reads "SNL" as Saturday Night Live.]

the Blues Brothers

Peter
    $100 1
Jerry Seinfeld

Peter
    $100 3
vitamin A

Trish
    $100 21
a yen

Peter
    $100 8
Tweety Bird

Peter
    $200 16
Richard Nixon

Ted
    $200 20
the House of Blues

Trish
    $200 2
Mike Nichols

Trish
    $200 4
coffee

Ted
    $200 27
pence

Trish
    $200 10
Barbra Streisand

Trish
    $300 17
John Kennedy

Trish
    $300 24
"I Guess That's Why They Call It The Blues"

Triple Stumper
    $300 9
Sally Ride

Trish
    $300 5
V8

Trish
    $300 28
a rupee

Peter
    $300 15
Burt Bacharach

Peter
    $400 22
Lyndon Johnson

Ted
    $1,000 25
(Alex: Less than a minute to go now, Ted, in this round.)

The Moody Blues ("Gemini Dream")

Ted
    $400 12
NYU

Peter
    $400 6
California

Triple Stumper
    $400 29
centimes

Ted
    $400 18
(Ted: Who is [*]?... Alex. [Laughs])
(Alex: [*] Alex?)
[Laughter]
(Ted: No, it's--it's--[clears throat and selects the next clue])
[Alex never formally accepted Ted's response.]

Queen Elizabeth

Ted
    $500 23
Theodore Roosevelt

Ted
    $500 26
Mo' Better Blues

Peter
    $500 13
Elizabeth Dole

Peter
    $500 7
a root crop

Ted
    $500 30
a pfennig

Trish
    $500 19
(Ted: Who is [*]?)
(Alex: Right.)
(Ted: ... Alex.)
[Laughter]
(Ted: THE "BLUES" for $200, please.)
(Alex: "Comma, Alex.")

Ann-Margret

Ted

Scores at the first commercial break (after clue 15):

Peter Ted Trish
$1,500 $700 $1,200

Scores at the end of the Jeopardy! Round:

Peter Ted Trish
$2,400 $4,100 $2,400

Double Jeopardy! Round responses

AMERICAN HERSTORY
AWARDS
HOLIDAYS & OBSERVANCES
JOHN HUSTON FILMS
CAPES
FOREIGN ANAGRAMS
(Alex: Each correct response in this category will be a foreign word: it will be an anagram of a word in English that is found in the clue.)
    $200 2
Betsy Ross

Peter
    $200 14
Cannes

Peter
    $200 7
Trick or treat

Ted
    $200 1
[Peter selected the first clue.]
(Peter: What is The Big Sleep?)

The Maltese Falcon

PeterTrish
    $200 21
(Alex: And now we have less than a minute.)

Cape Canaveral

Peter
    $200 26
Olé (Leo)

Ted
    $400 10
Helen Keller

Peter
    $400 15
(Alex: Hence the Order of the [*].)

bath

Triple Stumper
    $400 8
animals

Ted
    $400 3
Moby Dick

Peter
    $400 22
Cape Cod

Peter
    $400 27
[The end-of-round signal sounds.]

foto (foot)

Trish
    $600 11
Jane Addams

Peter
    $600 16
the First Amendment

Peter
    $600 9
Ramadan

Peter
    $600 4
(Humphrey) Bogart

Peter
    $600 23
(Trish: What is Cape Verde?)

Cape Horn

TedTrish
    $800 12
(Alex: Now on the Supreme Court, you are right.)

Sandra Day O'Connor

Peter
    $800 17
Raoul Wallenberg

Ted
    $800 19
(Trish: What is Purim?)

Shrove Tuesday

PeterTrish
    $800 5
(Alex: David Niven and Charles Boyer also in the scene. Didn't you just love John Huston's hairpiece? Go again.)
(Peter: It's a beaut, it's a beaut.)

Casino Royale

Peter
    $800 24
Greenland

Triple Stumper
    $1000 13
(Trish: Who is Margaret Chase Smith?)
...
(Alex: She cast the sole vote against entering World War I as well.)
[Before Final Jeopardy!, Alex corrects himself, that she was one of 50 to vote against entering World War I.]

Jeannette Rankin

Trish
Triple Stumper
    $1000 18
Christiane Amanpour

Trish
    $1000 20
(Ted: What are the Shriners?)

Mummers

PeterTed
    $1000 6
The Misfits

Ted
    $1000 25
New Zealand

Peter

Scores at the end of the Double Jeopardy! Round:

Peter Ted Trish
$10,800 $6,300 $1,600

[wagering suggestions for these scores]

Final Jeopardy! Round responses

20th CENTURY NOVELISTS
(Alex: [To Trish] You were going for Solzhenitsyn, and that, unfortunately, is incorrect. Not a bad guess, but wrong.)
TrishWho Solzyn Solsenitz
$1,599
TedWho is Solzenitsin?
$4,501
PeterWho is Nabokov
$4,501
Vladimir Nabokov

Final scores:

Peter Ted Trish
$15,301 $1,799 $1
3-day champion: $31,602 2nd place: a trip to Sheraton Maui, Hawaii 3rd place: Gateway 2000 family desktop PC system

Game dynamics:

Coryat scores:

Peter Ted Trish
$10,800 $5,700 $1,600
24 R
(including 2 DDs),
1 W
15 R
(including 1 DD),
1 W
13 R,
3 W

Combined Coryat: $18,100

[game clues] [game scores] [suggest correction]

Game tape date: Unknown
The J! Archive is created by fans, for fans. Scraping, republication, monetization, and malicious use prohibited; this site may use cookies and collect identifying information. See terms. The Jeopardy! game show and all elements thereof, including but not limited to copyright and trademark thereto, are the property of Jeopardy Productions, Inc. and are protected under law. This website is not affiliated with, sponsored by, or operated by Jeopardy Productions, Inc. Join the discussion at JBoard.tv.